Más allá de la medianoche (Registro nro. 17929)

Detalles MARC
000 -CABECERA
Longitud fija campo de control 00601nam a22001931 4500
003 - IDENTIFICADOR DELl NÚMERO DE CONTROL
Identificador del número de control OSt
005 - FECHA Y HORA DE LA ÚLTIMA TRANSACCIÓN
Fecha y hora de la última transacción 20150216143655.0
008 - CÓDIGOS DE INFORMACIÓN DE LONGITUD FIJA
Códigos de información de longitud fija 981210s1974 sp spa
040 ## - FUENTE DE LA CATALOGACIÓN
Centro transcriptor BMC
082 ## - NÚMERO DE LA CLASIFICACIÓN DECIMAL DEWEY
Númeroo de clasificación 813.5
100 1# - PUNTO DE ACCESO PRINCIPAL-NOMBRE DE PERSONA
Nombre de persona Sheldon, Sidney
Fechas asociadas al nombre 1917-2007
9 (RLIN) 29723
245 10 - MENCIÓN DE TÍTULO
Título Más allá de la medianoche
Mención de responsabilidad, etc. Sidney Sheldon ; traducción, Marta Isabel Guastavino
260 ## - PUBLICACIÓN, DISTRIBUCIÓN, ETC. (PIE DE IMPRENTA)
Lugar de publicación, distribución, etc. Buenos Aires
Nombre del editor, distribuidor, etc. Emecé
Fecha de publicación, distribución, etc. 1974
300 ## - DESCRIPCIÓN FÍSICA
Extensión 428 p., 1 h.
Dimensiones 18 cm
490 ## - MENCIÓN DE SERIE
Mención de serie Grandes novelistas. La novela actual en el mundo
650 24 - PUNTO DE ACCESO ADICIONAL DE MATERIA - TÉRMINO DE MATERIA
9 (RLIN) 17595
Término de materia o nombre geográfico como elemento inicial Novela norteamericana
700 1# - PUNTO DE ACCESO ADICIONAL - NOMBRE DE PERSONA
9 (RLIN) 30948
Nombre de persona Guastavino, Marta I.
942 ## - ENTRADA DE ELEMENTOS AGREGADOS (KOHA)
Fuente de clasificaión o esquema Dewey Decimal Classification
Koha [por defecto] tipo de item 1- Monografias
Existencias
Suprimido Perdido Fuente de clasificación o esquema Estropeado Restricciones de uso No para préstamo Código de colección Localización permanente Localización actual Localización en estanter&íacute;as Fecha adquisición Fuente de adquisición Número de inventario Préstamos totales Signatura completa Código de barras Fecha última consulta Coste, precio reemplazado Fecha del precio de reemplazo Tipo de item de Koha
NULL NULL Dewey Decimal Classification NULL Prestable NULL NULL Biblioteca Miguel de Cervantes - UNICAES Biblioteca Miguel de Cervantes - UNICAES Sala Principal 31/01/2015 Donación - Romeo Tovar Astorga 027398   N SHE mas 1027808 31/01/2015 40.00 31/01/2015 1- Monografias